| 000 -LEADER |
| fixed length control field |
01457cam a2200349 a 4500 |
| 001 - CONTROL NUMBER |
| control field |
.b2453965x |
| 003 - CONTROL NUMBER IDENTIFIER |
| control field |
OSt |
| 005 - DATE AND TIME OF LATEST TRANSACTION |
| control field |
20230106103930.0 |
| 008 - FIXED-LENGTH DATA ELEMENTS--GENERAL INFORMATION |
| fixed length control field |
200316s2016 xxka g 000 1 eng d |
| 020 ## - INTERNATIONAL STANDARD BOOK NUMBER |
| International Standard Book Number |
9780141371467 |
| Qualifying information |
(pbk.) : |
| 040 ## - CATALOGING SOURCE |
| Original cataloging agency |
AU@ |
| Language of cataloging |
eng |
| Transcribing agency |
AU@ |
| Modifying agency |
OCLCO |
| -- |
OCLCF |
| -- |
OCLCO |
| -- |
NLE |
| -- |
AUOAC |
| -- |
UKMGB |
| -- |
MMC |
| -- |
ATIOC |
| -- |
FCU |
| -- |
KH8 |
| 041 0# - LANGUAGE CODE |
| Language code of text/sound track or separate title |
eng |
| 042 ## - AUTHENTICATION CODE |
| Authentication code |
nbic |
| 044 ## - COUNTRY OF PUBLISHING/PRODUCING ENTITY CODE |
| MARC country code |
xxk |
| 082 0# - DEWEY DECIMAL CLASSIFICATION NUMBER |
| Classification number |
823.914 DAH |
| 100 1# - MAIN ENTRY--PERSONAL NAME |
| Personal name |
Dahl, Roald. |
| Relator term |
Author |
| 245 14 - TITLE STATEMENT |
| Title |
The Magic Finger / |
| Statement of responsibility, etc. |
Roald Dahl ; illustrated by Quentin Blake. |
| 260 ## - PUBLICATION, DISTRIBUTION, ETC. |
| Place of publication, distribution, etc. |
[London] : |
| Name of publisher, distributor, etc. |
Puffin, |
| Date of publication, distribution, etc. |
2016. |
| 300 ## - PHYSICAL DESCRIPTION |
| Extent |
56, [1] p. : |
| Other physical details |
ill. ; |
| Dimensions |
20 cm. |
| 336 ## - CONTENT TYPE |
| Content type term |
text |
| Content type code |
txt |
| Source |
rdacontent. |
| 336 ## - CONTENT TYPE |
| Content type term |
still image |
| Content type code |
sti |
| Source |
rdacontent. |
| 337 ## - MEDIA TYPE |
| Media type term |
unmediated |
| Media type code |
n |
| Source |
rdamedia. |
| 338 ## - CARRIER TYPE |
| Carrier type term |
volume |
| Carrier type code |
nc |
| Source |
rdacarrier. |
| 500 ## - GENERAL NOTE |
| General note |
Originally published: USA : Harper & Row, 1966. |
| 500 ## - GENERAL NOTE |
| General note |
Phizz-whizzing new branding for the world's No.1 storyteller, Roald Dahl! Exciting, bold and instantly recognizable with Quentin Blake's inimitable artwork. |
| 520 ## - SUMMARY, ETC. |
| Summary, etc. |
Every Saturday morning the Greg family goes off to shoot animals and birds. But the girl who lives next door hates hunting. Now it's made her so angry she's Put the Magic Finger on Them All. And very strange things have begun to happen. |
| 650 #0 - SUBJECT ADDED ENTRY--TOPICAL TERM |
| Topical term or geographic name entry element |
Magic |
| Form subdivision |
Juvenile fiction. |
| 650 #0 - SUBJECT ADDED ENTRY--TOPICAL TERM |
| Topical term or geographic name entry element |
Girls |
| Form subdivision |
Juvenile fiction. |
| 650 #0 - SUBJECT ADDED ENTRY--TOPICAL TERM |
| Topical term or geographic name entry element |
Duck shooting |
| Form subdivision |
Juvenile fiction. |
| 700 1# - ADDED ENTRY--PERSONAL NAME |
| Personal name |
Blake, Quentin. |
| Relator term |
Illustrator |
| 942 ## - ADDED ENTRY ELEMENTS (KOHA) |
| Source of classification or shelving scheme |
|
| Koha item type |
Books - Non Ficton |